UEFA Euro 2012 - Statistics

General Stats
  • This quiz has been taken 1,167 times
  • The average score is 14 of 16
Answer Stats
Answer % Correct
Spain
98%
Italy
96%
Portugal
96%
France
95%
Germany
95%
England
94%
Poland
89%
Sweden
88%
Russia
87%
Netherlands
86%
Ukraine
86%
Greece
82%
Croatia
81%
Denmark
79%
Republic of Ireland
77%
Czech Republic
64%
No matching quizzes found
Score Distribution
Percent of People with Each Score
Percentile by Number Answered
Your Score History
You have not taken this quiz